MARC details
| 000 -CABECERA |
| campo de control de longitud fija |
02001ngm a2200229 a 4500 |
| 005 - FECHA Y HORA DE LA ÚLTIMA TRANSACCIÓN |
| campo de control |
20210223125605.0 |
| 008 - ELEMENTOS DE LONGITUD FIJA--INFORMACIÓN GENERAL |
| campo de control de longitud fija |
050207s2002 mx 116 d daspa d |
| 035 ## - NÚMERO DE CONTROL DEL SISTEMA |
| Número de control de sistema |
UPN01000137559 |
| 049 ## - COLECCIÓN |
| Colección |
AV |
| 050 #4 - SIGNATURA TOPOGRÁFICA DE LA BIBLIOTECA DEL CONGRESO |
| Número de clasificación |
PVI P 1299 |
| 245 00 - MENCIÓN DE TÍTULO |
| Título |
Balzac y la pequeña costurera china / |
| Mención de responsabilidad, etc. |
dir. Dai Sijie. |
| 260 ## - PUBLICACIÓN, DISTRIBUCIÓN, ETC. |
| Lugar de publicación, distribución, etc. |
China ; |
| -- |
Francia : |
| Nombre del editor, distribuidor, etc. |
China Films, |
| Fecha de publicación, distribución, etc. |
2002. |
| 300 ## - DESCRIPCIÓN FÍSICA |
| Extensión |
1 videocasete (VHS) (116 min.) : |
| Otras características físicas |
son., col. |
| 500 ## - NOTA GENERAL |
| Nota general |
Doblada al español |
| 511 1# - NOTA DE PARTICIPANTES O INTÉRPRETES |
| Nota de participantes o intérpretes |
Zhou Xun, Chen Kun, Zhijun Cong, Liu Ye |
| 520 ## - NOTA DE RESUMEN, ETC. |
| Sumario, etc. |
China a principios de los 70 sigue estando bajo el yugo de la Revolución Cultural. Dos adolescentes, Luo y Ma, hijos de intelectuales reaccionarios considerados por el aparato del partido como "enemigos del pueblo", son enviados para su reeducación a una región perdida en los confines del Tibet. Los jóvenes mantienen el espíritu después de arduo trabajo en los campos y en minas de acero gracias a que tocan el violín de Dai, lo cual los salva de la destrucción y así reinventando a Mozart crean canciones de la Revolución China. Ellos también cuentan ingeniosas y sorprendentes historias y por ello el líder del pueblo los envía a un poblado lejano a ver películas melodramáticas sobre la instrucción revolucionaria y regresar y contar estas historias para cultivar a los habitantes de la región. Los dos amigos comienzan a cortejar a la pequeña costurera, mientras la envuelven con historias de la literatura clásica europea pero siempre sazonadas con el orgullo de Mao. Ella comienza a adentrarse en el mundo de Balzac y se va inclinando por Luo, pues se ha envuelto en la evocación de las emociones femeninas descritas por Balzac, comenzando una irrevocable evolución emocional e intelectual |
| 534 ## - NOTA SOBRE LA VERSIÓN ORIGINAL |
| Frase introductoria |
Traducción de: |
| Mención de título del original |
Balzac et la petite tailleuse chinoise |
| 651 #4 - ASIENTO SECUNDARIO DE MATERIA - NOMBRE GEOGRAFICO |
| Nombre geográfico |
CHINA - |
| Subdivisión general |
HISTORIA - |
| Subdivisión cronológica |
REVOLUCION CULTURAL, 1966-1976 |
| 9 (RLIN) |
13440 |
| 651 #4 - ASIENTO SECUNDARIO DE MATERIA - NOMBRE GEOGRAFICO |
| Nombre geográfico |
CHINA - |
| Subdivisión general |
VIDA INTELECTUAL |
| 9 (RLIN) |
11877 |
| 700 1# - ASIENTO SECUNDARIO--NOMBRE DE PERSONAL |
| Nombre de persona |
Dai, Sijie, |
| Fechas asociadas al nombre |
1954- , |
| Término indicativo de función/relación |
dir. |
| 905 ## - TIPO DE MATERIAL |
| Tipo de material |
Audiovisuales |